[Event "Frankfurt Ch A 2017"]
[Site "Ffm-Höchst, BiKuZ"]
[Date "2018.04.30"]
[Round "1.29"]
[White "Münstermann, Matthias"]
[Black "Steudel, Max"]
[Result "0-1"]
[WhiteElo "1623"]
[BlackElo "1943"]
[PlyCount "82"]
[EventDate "2018.??.??"]
[WhiteTeam "SK Langen"]
[BlackTeam "SC Brett vorm Kopp"]

1. d4 Nf6 2. c4 c5 3. d5 e6 4. Nc3 exd5 5. Nxd5 Nxd5 6. Qxd5 d6 7. Nf3 Nc6 8.
g3 Be6 9. Qe4 Be7 10. Bg2 Qd7 11. a3 h6 12. O-O O-O 13. Qd3 Bf6 14. Rd1 Rfd8
15. Rb1 Bf5 16. e4 Bg4 17. Bf4 Qe6 18. Qd5 Nd4 19. Qxe6 fxe6 20. Rd3 Bxf3 21.
Bxf3 Rab8 22. b4 e5 23. Bd2 Bg5 24. Bxg5 hxg5 25. b5 b6 26. Bg4 Kf7 27. Rf1 a6
28. a4 axb5 29. axb5 Ra8 30. f4 gxf4 31. gxf4 Ke7 32. fxe5 dxe5 33. Bh5 Rh8 34.
Bf7 Ra2 35. h3 Ne2+ 36. Kh1 Nf4 37. Rxf4 exf4 38. Bd5 Rc2 39. Ra3 Kf6 40. Ra6
Rxh3+ 41. Kg1 Rb3 0-1

[Event "Frankfurt Ch A 2017"]
[Site "Ffm-Höchst, BiKuZ"]
[Date "2018.04.30"]
[Round "1.30"]
[White "Rutsatz, Mario"]
[Black "Leichum, Engelbert"]
[Result "1-0"]
[WhiteElo "1941"]
[BlackElo "1619"]
[PlyCount "63"]
[EventDate "2018.??.??"]
[WhiteTeam "SF Frankfurt"]
[BlackTeam "vereinslos"]

1. c4 Nf6 2. g3 e5 3. Bg2 Nc6 4. Nc3 Bc5 5. e3 O-O 6. Nge2 Ne7 7. O-O d6 8. d4
exd4 9. exd4 Bb6 10. Bg5 Ng4 11. h3 h6 12. Bxe7 Qxe7 13. hxg4 Bxg4 14. Qd2 c6
15. Rae1 Qd7 16. d5 Bh3 17. Nf4 Bxg2 18. Kxg2 f5 19. Re6 Bd8 20. dxc6 Qxc6+ 21.
Qd5 Qxd5+ 22. Nfxd5 Bg5 23. f4 Bd8 24. Rfe1 Ba5 25. b4 Bd8 26. Rxd6 Rc8 27. c5
b6 28. c6 Bf6 29. Rxf6 gxf6 30. Ne7+ Kf7 31. Nxc8 Rxc8 32. b5 1-0

[Event "Frankfurt Ch A 2017"]
[Site "Ffm-Höchst, BiKuZ"]
[Date "2018.04.30"]
[Round "1.31"]
[White "Björknes, Uwe"]
[Black "Kolker, Vladislav"]
[Result "0-1"]
[WhiteElo "1616"]
[BlackElo "1931"]
[PlyCount "36"]
[EventDate "2018.??.??"]
[WhiteTeam "SK Bad Homburg"]
[BlackTeam "SC Bad Nauheim"]

1. e4 e5 2. Bb5 f5 3. Nc3 Nf6 4. d3 fxe4 5. dxe4 Bc5 6. Nf3 O-O 7. O-O d6 8.
Bg5 c6 9. Be2 a5 10. Na4 Ba7 11. c4 Qc7 12. Nc3 Na6 13. Rc1 Nc5 14. Nd2 Ne6 15.
Be3 Bxe3 16. fxe3 Qb6 17. Kh1 Qxe3 18. Rf3 Qb6 0-1

[Event "Frankfurt Ch A 2017"]
[Site "Ffm-Höchst, BiKuZ"]
[Date "2018.04.30"]
[Round "1.32"]
[White "Kuhn, Gerhard"]
[Black "John, Volkmar"]
[Result "1/2-1/2"]
[WhiteElo "1927"]
[BlackElo "1611"]
[PlyCount "75"]
[EventDate "2018.??.??"]
[WhiteTeam "SK Marburg"]
[BlackTeam "SK Herborn"]

1. e4 c5 2. c3 d5 3. exd5 Qxd5 4. d4 Nf6 5. Nf3 Bg4 6. dxc5 Qxc5 7. Na3 e6 8.
Be3 Qd5 9. Qa4+ Nc6 10. Nb5 Rc8 11. Nxa7 Ra8 12. Rd1 Qe4 13. Qxe4 Nxe4 14. Bb5
Nd6 15. a3 Bxf3 16. gxf3 Nxb5 17. Nxb5 Rc8 18. Ke2 Be7 19. Rhg1 g6 20. Nd6+
Bxd6 21. Rxd6 Ke7 22. Rgd1 Rhd8 23. Rxd8 Rxd8 24. Rxd8 Kxd8 25. a4 Kd7 26. b4
Kd6 27. c4 Nxb4 28. Kd2 Nc6 29. f4 Ne7 30. Kd3 Nf5 31. Bc1 h5 32. Ba3+ Kd7 33.
Bb4 Nh4 34. Ke3 Nf5+ 35. Ke4 Nh4 36. h3 Nf5 37. Ke5 Nh4 38. Ke4 1/2-1/2

[Event "Frankfurt Ch A 2017"]
[Site "Ffm-Höchst, BiKuZ"]
[Date "2018.04.30"]
[Round "1.33"]
[White "Hofmann, Werner"]
[Black "Teschler, Ulrich"]
[Result "0-1"]
[WhiteElo "1601"]
[BlackElo "1925"]
[PlyCount "62"]
[EventDate "2018.??.??"]
[WhiteTeam "SV Kelsterbach"]
[BlackTeam "SV Fechenheim"]

1. d4 Nf6 2. e3 b6 3. f4 Bb7 4. Nf3 e6 5. Bd3 c5 6. c3 d5 7. O-O Nbd7 8. Qe1
Ne4 9. Ne5 f6 10. Nxd7 Qxd7 11. Nd2 Be7 12. Nf3 O-O-O 13. a4 a6 14. Qe2 a5 15.
Bb5 Bc6 16. dxc5 Bxb5 17. axb5 Bxc5 18. Nd4 Bxd4 19. exd4 f5 20. Rf3 Kb7 21. b4
axb4 22. cxb4 Ra8 23. Rfa3 Rxa3 24. Rxa3 Rc8 25. Be3 Rc4 26. Qa2 Qxb5 27. Ra8
Nd6 28. Qa7+ Kc6 29. Qb8 Qxb4 30. Kf2 Rc2+ 31. Kf3 Qb1 0-1

[Event "Frankfurt Ch A 2017"]
[Site "Ffm-Höchst, BiKuZ"]
[Date "2018.04.30"]
[Round "1.34"]
[White "Thomas, Norbert"]
[Black "Saluvar, Bülent"]
[Result "1/2-1/2"]
[WhiteElo "1915"]
[BlackElo "1600"]
[PlyCount "114"]
[EventDate "2018.??.??"]
[WhiteTeam "SC Frankfurt-West"]
[BlackTeam "SC Münster"]

1. c4 e6 2. d4 d5 3. Nf3 Nf6 4. g3 Be7 5. Bg2 O-O 6. O-O Nbd7 7. Nc3 c6 8. b3
b6 9. Bf4 Nh5 10. Be3 Ba6 11. Qd3 Rc8 12. Nd2 f5 13. f4 Nhf6 14. Kh1 Qe8 15.
Bg1 Ne4 16. Ncxe4 dxe4 17. Qc2 Nf6 18. Rfd1 Ng4 19. Nf1 Qh5 20. h3 Rfd8 21. a4
Bb4 22. e3 Nf6 23. Nh2 Qg6 24. g4 Bb7 25. gxf5 exf5 26. Bf2 c5 27. d5 Rd6 28.
Rg1 Qh6 29. Rad1 Rc7 30. Bf1 Bc8 31. Rg5 Ne8 32. Bg2 Rg6 33. Rg1 Rxg5 34. fxg5
Qxg5 35. Bxe4 Qf6 36. Bd3 Re7 37. Nf3 Rf7 38. Ng5 Qh6 39. Kh2 Rf6 40. h4 Nd6
41. Bg3 Nf7 42. Nxf7 Kxf7 43. Qf2 f4 44. exf4 Bc3 45. Rf1 g5 46. f5 gxh4 47.
Bc7 Qd2 48. Qxd2 Bxd2 49. Be5 Rh6 50. Rg1 Rh5 51. Rg7+ Kf8 52. Rxa7 Bxf5 53.
Be2 Rg5 54. Ra8+ Kf7 55. Bf3 Bc2 56. Ra7+ Ke8 57. Ra8+ Kf7 1/2-1/2

[Event "Frankfurt Ch A 2017"]
[Site "Ffm-Höchst, BiKuZ"]
[Date "2018.04.30"]
[Round "1.35"]
[White "Lopez, Victor"]
[Black "Li, Maxim"]
[Result "0-1"]
[WhiteElo "1586"]
[BlackElo "1910"]
[PlyCount "92"]
[EventDate "2018.??.??"]
[WhiteTeam "SC Höchst"]
[BlackTeam "Wiesbadener SV"]

1. e4 e6 2. d4 d5 3. exd5 exd5 4. Nf3 Nf6 5. Bg5 h6 6. Bh4 Be7 7. Bd3 Bg4 8.
Nbd2 O-O 9. O-O Re8 10. c3 Nbd7 11. Qc2 c5 12. Bf5 Bxf5 13. Qxf5 g6 14. Qc2 c4
15. Ne5 Nxe5 16. dxe5 Ng4 17. Bg3 Bh4 18. Bxh4 Qxh4 19. Nf3 Qh5 20. Qd2 Nxe5
21. Qxd5 Nxf3+ 22. Qxf3 Qxf3 23. gxf3 Re2 24. b3 Rc8 25. Rfc1 Rb2 26. b4 Rd8
27. a4 Rdd2 28. Rf1 Rd3 29. Rac1 Rxf3 30. Kg2 Rd3 31. Rfd1 Rdd2 32. Rxd2 Rxd2
33. Kf3 f5 34. Re1 Kf7 35. a5 g5 36. Re5 Rd3+ 37. Kg2 f4 38. Rb5 Rxc3 39. Rxb7+
Ke6 40. Rxa7 Rb3 41. Ra6+ Kd5 42. Rxh6 Rxb4 43. Rh5 c3 44. Rxg5+ Kd4 45. Rg8 c2
46. Rc8 Rc4 0-1

[Event "Frankfurt Ch A 2017"]
[Site "Ffm-Höchst, BiKuZ"]
[Date "2018.04.30"]
[Round "1.36"]
[White "Zimmer, Gerald"]
[Black "Hagel, Stephan"]
[Result "1-0"]
[WhiteElo "1904"]
[BlackElo "1548"]
[PlyCount "103"]
[EventDate "2018.??.??"]
[WhiteTeam "SC Bergen-Enkheim"]
[BlackTeam "SK Hungen"]

1. d4 Nf6 2. Nf3 g6 3. c4 Bg7 4. Nc3 O-O 5. e4 d6 6. Be2 e5 7. dxe5 dxe5 8.
Qxd8 Rxd8 9. Bg5 Nc6 10. Nd5 Nxd5 11. Bxd8 Ndb4 12. O-O-O Nxa2+ 13. Kb1 Nab4
14. Bxc7 Be6 15. Ng5 Bc8 16. Bd6 h6 17. Bxb4 Nxb4 18. Rd8+ Bf8 19. Nf3 f5 20.
Nxe5 b6 21. Rhd1 Bb7 22. f3 fxe4 23. Rxa8 Bxa8 24. Nxg6 exf3 25. Bxf3 Bxf3 26.
gxf3 Kf7 27. Nxf8 Kxf8 28. Rd7 Nc6 29. Rc7 Ne5 30. f4 Nf3 31. Kc2 Nxh2 32. Rxa7
Ng4 33. Kd3 h5 34. Ke4 h4 35. Kf3 Nf6 36. Rb7 h3 37. Kg3 Nh5+ 38. Kxh3 Nxf4+
39. Kg4 Nd3 40. b3 Nc5 41. Rxb6 Ke7 42. b4 Na4 43. Rc6 Nc3 44. Kf4 Kd7 45. b5
Ne2+ 46. Ke5 Nc3 47. Rh6 Kc7 48. Kd4 Ne2+ 49. Kc5 Nf4 50. Rh7+ Kc8 51. Kd6 Ng6
52. b6 1-0

[Event "Frankfurt Ch A 2017"]
[Site "Ffm-Höchst, BiKuZ"]
[Date "2018.04.30"]
[Round "1.37"]
[White "Bär, Christian"]
[Black "Hierling, Stefan"]
[Result "0-1"]
[WhiteElo "1544"]
[BlackElo "1901"]
[PlyCount "158"]
[EventDate "2018.??.??"]
[WhiteTeam "SC Steinbach"]
[BlackTeam "VSG Offenbach"]

1. d4 d5 2. c4 c6 3. e3 Nf6 4. Nf3 g6 5. Nc3 Bg7 6. h3 O-O 7. cxd5 cxd5 8. Bd3
Nc6 9. O-O Bd7 10. b3 Rc8 11. Bb2 Nb4 12. Bb1 Re8 13. Re1 Bc6 14. a3 Na6 15. b4
b5 16. Bd3 Qb6 17. Qe2 Nc7 18. Ne5 a6 19. Rac1 Bb7 20. Bb1 Red8 21. Nd3 Bc6 22.
Nc5 Be8 23. Bd3 Ra8 24. Rc2 Nd7 25. Qf3 Qf6 26. Qg3 Ra7 27. Ne2 Qd6 28. Rec1
Qxg3 29. Nxg3 Nb6 30. Ne2 e6 31. Ra1 Bf8 32. Bc3 Nca8 33. f3 Nc4 34. Kf2 Nab6
35. Ng1 Bd6 36. f4 Bf8 37. Nf3 Rd6 38. Ne5 f6 39. Nf3 Bg7 40. g3 Kf7 41. Be2
Bc6 42. g4 Rd8 43. Rca2 Re8 44. h4 Na4 45. Nxa4 bxa4 46. Nd2 Nd6 47. Rc2 Bb5
48. Bb2 Ke7 49. Rac1 Kd7 50. Nb1 Rb7 51. Nc3 Rc8 52. Nxb5 axb5 53. Rxc8 Nxc8
54. Rc2 Nd6 55. Bc1 Rc7 56. Rxc7+ Kxc7 57. Bd3 Kc6 58. Ke2 e5 59. fxe5 fxe5 60.
dxe5 Bxe5 61. h5 gxh5 62. gxh5 h6 63. Kd2 Bf6 64. Ke2 Bg5 65. Bb2 Nc4 66. Bxc4
dxc4 67. Kf3 Kd5 68. Bg7 c3 69. Bxc3 Kc4 70. Bg7 Kb3 71. e4 Kxa3 72. e5 Kxb4
73. e6 a3 74. Bxh6 Bf6 75. Bg7 Bxg7 76. e7 a2 77. e8=Q a1=Q 78. Qe4+ Qd4 79.
Qe7+ Ka4 0-1

[Event "Frankfurt Ch A 2017"]
[Site "Ffm-Höchst, BiKuZ"]
[Date "2018.04.30"]
[Round "1.38"]
[White "Makilla, Tobias"]
[Black "Fischer, Lutz"]
[Result "1-0"]
[WhiteElo "1900"]
[BlackElo "1533"]
[PlyCount "77"]
[EventDate "2018.??.??"]
[WhiteTeam "SC Hattersheim"]
[BlackTeam "SF Frankfurt"]

1. e4 e6 2. d4 d5 3. Nd2 Nc6 4. c3 e5 5. Bb5 a6 6. Bxc6+ bxc6 7. dxe5 Qg5 8.
Ngf3 Qxg2 9. Rg1 Qh3 10. Qa4 Qd7 11. Nb3 dxe4 12. Qxe4 Qd5 13. Qe2 Bf5 14. Be3
Qd3 15. Qxd3 Bxd3 16. O-O-O Be2 17. Nfd4 Bxd1 18. Rxd1 Ne7 19. Bg5 h6 20. Bxe7
Bxe7 21. Nxc6 Bg5+ 22. Kc2 O-O 23. Rd7 Rfe8 24. Nbd4 Bf4 25. Nf3 f6 26. exf6
gxf6 27. Nh4 Re2+ 28. Kb3 Rxf2 29. Nf5 Re8 30. Rg7+ Kf8 31. Ncd4 Rxh2 32. Rh7
c5 33. Nf3 Rb8+ 34. Kc4 Rhxb2 35. N3h4 Bg5 36. Ng6+ Ke8 37. Nd6+ Kd8 38. Ra7
Rxa2 39. Nf8 1-0

[Event "Frankfurt Ch A 2017"]
[Site "Ffm-Höchst, BiKuZ"]
[Date "2018.04.30"]
[Round "1.39"]
[White "Waschke, Thomas"]
[Black "Ochmann, Reimund"]
[Result "0-1"]
[WhiteElo "1531"]
[BlackElo "1899"]
[PlyCount "128"]
[EventDate "2018.??.??"]
[WhiteTeam "SC Bergen-Enkheim"]
[BlackTeam "SK Langen"]

1. e4 e5 2. Nf3 Nc6 3. Bb5 a6 4. Ba4 d6 5. h3 Nf6 6. d3 Bd7 7. O-O Be7 8. c3
O-O 9. Re1 h6 10. Nbd2 Nh7 11. Nf1 f5 12. Bb3+ Kh8 13. exf5 Bxf5 14. Ne3 Bd7
15. Nd5 Ng5 16. Re3 Ne6 17. Nxe7 Nxe7 18. d4 Nf5 19. Re4 Bc6 20. d5 Nc5 21. Re1
Bd7 22. Bc4 Qf6 23. b4 Na4 24. Bd2 Nh4 25. Re3 Rae8 26. Be1 Nf5 27. Re4 b5 28.
Be2 Ne7 29. Rc1 Bf5 30. Re3 Nb6 31. c4 Bd7 32. Nd2 Nf5 33. Ra3 Ra8 34. Ne4 Qf7
35. Qd2 Nd4 36. Bd3 bxc4 37. Bxc4 Nxc4 38. Rxc4 Bb5 39. Rxd4 exd4 40. Qxd4 Rae8
41. Bd2 Re5 42. Rf3 Qe8 43. Rxf8+ Qxf8 44. Nc3 Qf6 45. Qa7 Qd8 46. a4 Bc4 47.
Qd4 Bb3 48. Bxh6 Qf6 49. Be3 Rh5 50. Qxf6 gxf6 51. Kh2 Rh4 52. g4 Kg7 53. Kg3
Rh8 54. Bd4 Kg6 55. f4 Rb8 56. f5+ Kf7 57. b5 axb5 58. axb5 Bc4 59. b6 cxb6 60.
Ne4 Bxd5 61. Nxd6+ Ke7 62. Nb5 Bc6 63. Nc3 Rd8 64. Bxf6+ Kxf6 0-1

[Event "Frankfurt Ch A 2017"]
[Site "Ffm-Höchst, BiKuZ"]
[Date "2018.04.30"]
[Round "1.40"]
[White "Hochmuth, Christian"]
[Black "Breitbach, Stephan"]
[Result "1-0"]
[WhiteElo "1896"]
[BlackElo "1524"]
[PlyCount "51"]
[EventDate "2018.??.??"]
[WhiteTeam "SG Wächtersbach"]
[BlackTeam "SC Landskrone"]

1. c4 c5 2. g3 Nf6 3. Bg2 g6 4. Nc3 Bg7 5. Nf3 O-O 6. O-O Nc6 7. e4 d6 8. h3
Be6 9. d3 Qd7 10. Ng5 Ne8 11. Be3 Nd4 12. Ne2 f5 13. Bxd4 cxd4 14. exf5 Bxf5
15. g4 Bxg4 16. hxg4 Qxg4 17. Nh3 Rf3 18. Ng3 Rxg3 19. fxg3 Qxg3 20. Qf3 Qh4
21. Qf4 Qh5 22. Qf7+ Kh8 23. Qxe7 Nf6 24. Rxf6 Bxf6 25. Qxf6+ Kg8 26. Bd5+ 1-0

[Event "Frankfurt Ch A 2017"]
[Site "Ffm-Höchst, BiKuZ"]
[Date "2018.04.30"]
[Round "1.41"]
[White "Both, Günter"]
[Black "Benninger, Rudolf"]
[Result "0-1"]
[WhiteElo "1523"]
[BlackElo "1895"]
[PlyCount "76"]
[EventDate "2018.??.??"]
[WhiteTeam "SK Bischofsheim"]
[BlackTeam "SC Heusenstamm"]

1. e4 c5 2. Nf3 g6 3. d4 Bg7 4. c3 cxd4 5. cxd4 d5 6. e5 Nc6 7. Nc3 Bg4 8. Be3
Nh6 9. Bb5 O-O 10. Bxc6 bxc6 11. h3 Bxf3 12. Qxf3 Rb8 13. Bxh6 Bxh6 14. b3 f6
15. e6 Qd6 16. Qe2 c5 17. Rd1 c4 18. O-O cxb3 19. axb3 Rxb3 20. Rd3 Rc8 21. Ne4
Qa6 22. Nc5 Rxc5 23. dxc5 Qxd3 24. Qxd3 Rxd3 25. Rb1 Rc3 26. Rb7 Bf8 27. Rxa7
Rxc5 28. Rd7 Rc6 29. Rxd5 Rxe6 30. f4 Kf7 31. g4 Bh6 32. g5 fxg5 33. fxg5 Bg7
34. Rd3 Re5 35. h4 Re4 36. Rh3 Ke6 37. Kg2 Kf5 38. Kf3 Bd4 0-1

[Event "Frankfurt Ch A 2017"]
[Site "Ffm-Höchst, BiKuZ"]
[Date "2018.04.30"]
[Round "1.42"]
[White "Stock, Jürgen"]
[Black "Muthig, Holger"]
[Result "1-0"]
[WhiteElo "1877"]
[BlackElo "1512"]
[PlyCount "83"]
[EventDate "2018.??.??"]
[WhiteTeam "Sfr. Kelkheim"]
[BlackTeam "vereinslos"]

1. d4 d5 2. e3 Nf6 3. Bd3 c6 4. Nd2 g6 5. f4 Bg7 6. Ngf3 Bg4 7. O-O O-O 8. Qe1
Qc7 9. Ne5 c5 10. c3 c4 11. Bc2 Be6 12. f5 Bxf5 13. Bxf5 gxf5 14. Rxf5 h6 15.
Qh4 Nc6 16. e4 Nxe5 17. Rxe5 e6 18. exd5 exd5 19. Nf3 Kh7 20. Bxh6 Bxh6 21.
Qxf6 Qc6 22. Qf5+ Kh8 23. Rxd5 Qg6 24. Qh3 Kg7 25. Ne5 Qe4 26. Ng4 Bf4 27. Rh5
Rh8 28. Nf2 Rxh5 29. Qxh5 Be3 30. Kf1 Bxf2 31. Kxf2 Qc2+ 32. Qe2 Qf5+ 33. Kg1
b5 34. Rf1 Qd7 35. Qe5+ Kg8 36. Rf3 Re8 37. Qg5+ Kf8 38. Qh6+ Ke7 39. Qf6+ Kf8
40. Qh8+ Ke7 41. Re3+ Kd8 42. Qxe8+ 1-0

[Event "Frankfurt Ch A 2017"]
[Site "Ffm-Höchst, BiKuZ"]
[Date "2018.04.30"]
[Round "1.43"]
[White "Markulic, Petar"]
[Black "Gräbner, Walter"]
[Result "0-1"]
[WhiteElo "1502"]
[BlackElo "1874"]
[PlyCount "66"]
[EventDate "2018.??.??"]
[WhiteTeam "SF Frankfurt"]
[BlackTeam "SC Nied"]

1. e4 d5 2. exd5 Nf6 3. Nc3 Nxd5 4. Nxd5 Qxd5 5. Nf3 e5 6. d3 Bg4 7. Be2 Bc5 8.
O-O O-O 9. c4 Qd6 10. Be3 Nc6 11. Bxc5 Qxc5 12. a3 a5 13. b3 Rad8 14. Qc2 Rd6
15. Ng5 Nd4 16. Ne4 Qc6 17. Qb1 Bxe2 18. Re1 Rg6 19. Ra2 Nf3+ 20. Kh1 Nxe1 21.
Qxe1 Bxd3 22. Ng3 e4 23. Qc3 f5 24. Qxa5 f4 25. Nf1 Bxf1 26. g3 e3+ 27. Qd5+
Qxd5+ 28. cxd5 e2 29. Ra1 f3 30. b4 Rd6 31. b5 Rxd5 32. a4 Rd1 33. b6 Bg2# 0-1

[Event "Frankfurt Ch A 2017"]
[Site "Ffm-Höchst, BiKuZ"]
[Date "2018.04.30"]
[Round "1.44"]
[White "Ottenburg, Ralph"]
[Black "Friedel, Thomas"]
[Result "1-0"]
[WhiteElo "1859"]
[BlackElo "1496"]
[PlyCount "39"]
[EventDate "2018.??.??"]
[WhiteTeam "SF Frankfurt"]
[BlackTeam "SV Groß-Gerau"]

1. e4 e5 2. Nf3 Nc6 3. d4 exd4 4. Bc4 Bb4+ 5. c3 dxc3 6. O-O Nge7 7. Ng5 Ne5 8.
Nxf7 Nxf7 9. Bxf7+ Kxf7 10. Qb3+ d5 11. Qxb4 Nc6 12. Qxc3 dxe4 13. Qb3+ Kg6 14.
Qg3+ Kf7 15. Nc3 Bf5 16. Rd1 Nd4 17. Bg5 Qd7 18. Qe5 Qe6 19. Qxd4 Qg6 20. Qc4+
1-0

[Event "Frankfurt Ch A 2017"]
[Site "Ffm-Höchst, BiKuZ"]
[Date "2018.04.30"]
[Round "1.45"]
[White "Gade, Bernt"]
[Black "Gutacker, Stephan"]
[Result "0-1"]
[WhiteElo "1495"]
[BlackElo "1854"]
[PlyCount "82"]
[EventDate "2018.??.??"]
[WhiteTeam "Berkershm"]
[BlackTeam "Sfr. Kelkheim"]

1. e4 e5 2. Nf3 Nc6 3. Bb5 Bc5 4. O-O d6 5. h3 Nf6 6. Re1 O-O 7. c3 a6 8. Ba4
b5 9. Bc2 h6 10. d4 Bb6 11. Be3 exd4 12. cxd4 Re8 13. d5 Bxe3 14. Rxe3 Ne5 15.
Nbd2 Ng6 16. Nd4 Bd7 17. a4 Qb8 18. axb5 Bxb5 19. N2b3 Ne5 20. Na5 Nc4 21. Nxc4
Bxc4 22. b3 Bb5 23. Bd3 Qb6 24. Bxb5 axb5 25. Rxa8 Rxa8 26. Qd3 Ra1+ 27. Kh2
Qc5 28. Ne2 Rf1 29. Qc3 Rxf2 30. Qxc5 dxc5 31. Nc3 b4 32. Nb5 Ne8 33. e5 Rd2
34. Nxc7 Nxc7 35. d6 Ne6 36. Kg3 Rd4 37. Kf3 Kf8 38. Ke2 Ke8 39. g3 Kd7 40. Rd3
Re4+ 41. Kf2 Rxe5 0-1

[Event "Frankfurt Ch A 2017"]
[Site "Ffm-Höchst, BiKuZ"]
[Date "2018.04.30"]
[Round "1.46"]
[White "Kretner, Georg-Ulrich"]
[Black "Masoudi, Kian"]
[Result "1/2-1/2"]
[WhiteElo "1850"]
[BlackElo "1479"]
[PlyCount "70"]
[EventDate "2018.??.??"]
[WhiteTeam "SC Bad Nauheim"]
[BlackTeam "SC Bergen-Enkheim"]

1. d4 d5 2. c4 e6 3. Nc3 Nf6 4. Nf3 Be7 5. Bg5 O-O 6. e3 c5 7. dxc5 Bxc5 8.
cxd5 h6 9. Bxf6 Qxf6 10. Be2 Rd8 11. e4 exd5 12. exd5 Nc6 13. O-O Nd4 14. Nxd4
Bxd4 15. Qb3 b6 16. Bf3 Ba6 17. Rfd1 Rac8 18. Ne4 Qe5 19. Rd2 Bc4 20. Qa4 b5
21. Qb4 Bb6 22. Qc3 Qf5 23. Ng3 Qg5 24. Rc1 Bxa2 25. Qxc8 Qxd2 26. Qc2 Bxf2+
27. Kf1 Bc4+ 28. Ne2 Qe3 29. Qc3 Qb6 30. Rd1 Bh4 31. g3 Bf6 32. Qc2 Qe3 33. Kg2
Bb3 34. Qd3 Qxd3 35. Rxd3 Bc4 1/2-1/2

[Event "Frankfurt Ch A 2017"]
[Site "Ffm-Höchst, BiKuZ"]
[Date "2018.04.30"]
[Round "1.47"]
[White "Wich, Manuela"]
[Black "Varma, Christopher"]
[Result "0-1"]
[WhiteElo "1469"]
[BlackElo "1816"]
[PlyCount "100"]
[EventDate "2018.??.??"]
[WhiteTeam "Niederräder TG"]
[BlackTeam "SC Bad Nauheim"]

1. e4 e6 2. Nf3 d5 3. exd5 exd5 4. d4 Nf6 5. Bd3 c5 6. c3 Be7 7. Bg5 O-O 8.
Nbd2 Nc6 9. dxc5 Bxc5 10. O-O Bg4 11. Qc2 h6 12. Bh4 Be7 13. Bxf6 Bxf6 14. Bb5
Qb6 15. Bxc6 bxc6 16. h3 Bh5 17. Qb3 Qa6 18. Qc2 Bg6 19. Qc1 Rab8 20. Nb3 Qb6
21. Re1 Rfe8 22. Qd2 a5 23. Rxe8+ Rxe8 24. Re1 Rxe1+ 25. Qxe1 a4 26. Nbd4 Be4
27. Qd2 c5 28. Ne2 Bxf3 29. gxf3 Qd6 30. Ng3 Qe5 31. Qd1 Bh4 32. Qxa4 Bxg3 33.
Qa8+ Qb8 34. Qxb8+ Bxb8 35. Kf1 Kf8 36. a4 Ke7 37. Ke2 Kd6 38. b4 Kc6 39. Kd3
c4+ 40. Kc2 Ba7 41. Kd1 Bxf2 42. Ke2 Bb6 43. Kd2 g5 44. Ke2 f5 45. Kd2 h5 46.
Ke2 g4 47. fxg4 fxg4 48. hxg4 hxg4 49. Kf1 d4 50. cxd4 Bxd4 0-1

[Event "Frankfurt Ch A 2017"]
[Site "Ffm-Höchst, BiKuZ"]
[Date "2018.04.30"]
[Round "1.48"]
[White "Adair, Robin"]
[Black "Bernhardt, Winfried"]
[Result "1-0"]
[WhiteElo "1811"]
[BlackElo "1463"]
[PlyCount "95"]
[EventDate "2018.??.??"]
[WhiteTeam "SC Nidderau"]
[BlackTeam "SV Nauheim"]

1. c4 e5 2. Nc3 c6 3. Nf3 d6 4. g3 Be7 5. Bg2 Nf6 6. d3 O-O 7. O-O a6 8. Rb1 b5
9. cxb5 axb5 10. b4 Be6 11. Bd2 Nbd7 12. Ng5 d5 13. Nxe6 fxe6 14. Qb3 Nb6 15.
Bh3 Qd6 16. Bg5 h6 17. Bd2 Nh7 18. f4 Nd7 19. a4 bxa4 20. Nxa4 Rf6 21. Nc3 exf4
22. Bxf4 e5 23. Ne4 Qc7 24. Nxf6+ Ndxf6 25. Be3 Kh8 26. Bc5 Ng5 27. Bf5 e4 28.
Ra1 Bxc5+ 29. bxc5 Rb8 30. Qc3 Qf7 31. h4 Ne6 32. Qe5 Re8 33. Bxe6 Rxe6 34.
Ra8+ Kh7 35. Qf5+ g6 36. Qf4 Qe7 37. Qb8 Qxc5+ 38. Kh1 Ne8 39. Rf7+ Kg8 40. Qb7
Qd4 41. Qd7 Qe5 42. Rg7+ Qxg7 43. Qxe6+ Kh7 44. Rxe8 Qa1+ 45. Kg2 Qg7 46. Re7
exd3 47. Rxg7+ Kxg7 48. exd3 1-0

[Event "Frankfurt Ch A 2017"]
[Site "Ffm-Höchst, BiKuZ"]
[Date "2018.04.30"]
[Round "1.49"]
[White "Manasek, Martin"]
[Black "Menning, Uwe"]
[Result "0-1"]
[WhiteElo "1457"]
[BlackElo "1810"]
[PlyCount "68"]
[EventDate "2018.??.??"]
[WhiteTeam "Bad Vilbeler Sfr"]
[BlackTeam "FC Bierstadt"]

1. d4 d5 2. c4 e6 3. Nf3 Nf6 4. Nc3 Be7 5. Bg5 c6 6. e3 Nbd7 7. Be2 O-O 8. O-O
b6 9. Rc1 dxc4 10. Bxc4 b5 11. Bd3 Bb7 12. a3 a6 13. b4 a5 14. Qb3 axb4 15.
axb4 Qb6 16. Ne5 Bd6 17. Nxd7 Nxd7 18. Ne4 Bc7 19. Be7 Rfe8 20. Bc5 Qa6 21. Ra1
Qxa1 22. Rxa1 Rxa1+ 23. Bf1 Rea8 24. g3 R8a3 25. Qc2 h6 26. Kg2 R1a2 27. Qc1 f5
28. Nd6 Bxd6 29. Bxd6 Nf6 30. Kh3 Ne4 31. Bf4 g5 32. Bxg5 hxg5 33. g4 Nxf2+ 34.
Kg2 Nd3+ 0-1

[Event "Frankfurt Ch A 2017"]
[Site "Ffm-Höchst, BiKuZ"]
[Date "2018.04.30"]
[Round "1.50"]
[White "Stärke, Karsten"]
[Black "Ketting, Douwe"]
[Result "1-0"]
[WhiteElo "1804"]
[BlackElo "1387"]
[PlyCount "91"]
[EventDate "2018.??.??"]
[WhiteTeam "SC Matt im Park"]
[BlackTeam "SC Somborn"]

1. e4 Nf6 2. e5 Nd5 3. c4 Nb6 4. d4 d6 5. exd6 exd6 6. Nc3 Be7 7. Be3 Bf5 8.
Bd3 Bxd3 9. Qxd3 N8d7 10. Nf3 h6 11. a3 c5 12. d5 a5 13. Ne4 Nf6 14. Nfd2 Nbd7
15. Bf4 Nxe4 16. Nxe4 Nf6 17. O-O O-O 18. Rfe1 Nxe4 19. Rxe4 b6 20. Rae1 Ra7
21. Qe2 Re8 22. Qg4 Kh7 23. R1e3 Qd7 24. Qxd7 Rxd7 25. Bxd6 Rxd6 26. Rxe7 Rxe7
27. Rxe7 Kg6 28. a4 f5 29. f4 Kf6 30. Rc7 g5 31. fxg5+ hxg5 32. Kf2 Ke5 33. b3
Kf6 34. g3 Ke5 35. Kf3 Rf6 36. g4 f4 37. Rg7 Kd4 38. Rxg5 Kc3 39. h4 Kxb3 40.
Rf5 Rh6 41. Rh5 Rf6 42. g5 Rf5 43. Rh6 Kxc4 44. Rxb6 Kxd5 45. Rb8 c4 46. g6 1-0

[Event "Frankfurt Ch A 2017"]
[Site "Ffm-Höchst, BiKuZ"]
[Date "2018.04.30"]
[Round "1.51"]
[White "Schneider, Till"]
[Black "Müller, Pascal"]
[Result "0-1"]
[WhiteElo "1371"]
[BlackElo "1800"]
[PlyCount "56"]
[EventDate "2018.??.??"]
[WhiteTeam "SC Nied"]
[BlackTeam "Schachforum Darmstadt"]

1. e4 d5 2. exd5 Nf6 3. d4 Bg4 4. f3 Bf5 5. c4 e6 6. g4 Bg6 7. g5 Nh5 8. Nc3
Be7 9. dxe6 Bxg5 10. exf7+ Kxf7 11. Bxg5 Qxg5 12. Qd2 Re8+ 13. Kd1 Qh4 14. Nh3
Nc6 15. Ng5+ Kg8 16. Nge4 Bxe4 17. fxe4 Nxd4 18. Qxd4 Rad8 19. Nd5 Rxe4 20. Qc3
c6 21. Kc2 cxd5 22. Rd1 Nf4 23. Kb1 d4 24. Qf3 Re1 25. Rxe1 Qxe1+ 26. Kc2 d3+
27. Bxd3 Nxd3 28. Rxe1 Nxe1+ 0-1

[Event "Frankfurt Ch A 2017"]
[Site "Ffm-Höchst, BiKuZ"]
[Date "2018.04.30"]
[Round "1.52"]
[White "Tobon, Sebastian"]
[Black "Mongi, Mario"]
[Result "1-0"]
[WhiteElo "1800"]
[BlackElo "1357"]
[PlyCount "59"]
[EventDate "2018.??.??"]
[WhiteTeam "SC Heusenstamm"]
[BlackTeam "SC Sulzbach"]

1. e4 c5 2. Nf3 g6 3. Bc4 Bg7 4. c3 Nc6 5. O-O Nf6 6. e5 Ng4 7. Bxf7+ Kf8 8.
Bb3 Ngxe5 9. d4 cxd4 10. cxd4 Nf7 11. Nc3 d6 12. Re1 Bd7 13. Ng5 Nxg5 14. Bxg5
Bf6 15. Bh6+ Ke8 16. Nd5 e6 17. Nxf6+ Qxf6 18. d5 Nd4 19. dxe6 Bc6 20. Ba4 Rc8
21. Rc1 b5 22. Bc2 Ke7 23. Qg4 Bf3 24. gxf3 Nxf3+ 25. Kg2 Nxe1+ 26. Rxe1 Rc5
27. Bb3 g5 28. Qh5 Rf5 29. Qf7+ Qxf7 30. exf7+ 1-0

[Event "Frankfurt Ch A 2017"]
[Site "Ffm-Höchst, BiKuZ"]
[Date "2018.04.30"]
[Round "1.53"]
[White "Stulken, Dietmar"]
[Black "Bittner, Peter"]
[Result "0-1"]
[WhiteElo "1328"]
[BlackElo "1798"]
[PlyCount "80"]
[EventDate "2018.??.??"]
[WhiteTeam "SF Frankfurt"]
[BlackTeam "SC Nied"]

1. d4 Nf6 2. c4 e6 3. Nc3 b6 4. Nf3 Bb7 5. Bg5 h6 6. Bh4 Be7 7. e3 O-O 8. Bd3
d5 9. O-O dxc4 10. Bxc4 Ne4 11. Bxe7 Qxe7 12. Qc2 f5 13. Ne5 Rf6 14. f3 Nd6 15.
Bb3 Nd7 16. Ba4 Nf8 17. Bc6 a6 18. Bxb7 Nxb7 19. f4 Nd7 20. Nxd7 Qxd7 21. Rad1
Qe7 22. Rf3 Rg6 23. Qf2 Nd6 24. b3 Rc8 25. Rg3 Qf7 26. Rxg6 Qxg6 27. Qe2 a5 28.
a4 Qf7 29. Qc2 Kh8 30. Rf1 Qf6 31. Rf3 c5 32. d5 c4 33. bxc4 Rxc4 34. e4 Qd4+
35. Qf2 Qxf2+ 36. Kxf2 Rxc3 37. Rxc3 Nxe4+ 38. Ke3 Nxc3 39. dxe6 Kg8 40. e7
Nd5+ 0-1